Rozšírenie kognitívneho vylepšovania u študentov Ekonomickej univerzity bakalárska práca

Na minha lista:
Detalhes bibliográficos
Autor principal: Kuzmiaková, Monika
Autor Corporativo: Fakulta podnikového manažmentu EU. Katedra manažmentu
Outros Autores: Mišún, Juraj, 1978-
Formato: Livro
Idioma:eslovaco
Publicado em: Bratislava 2014
Tags: Adicionar Tag
Sem tags, seja o primeiro a adicionar uma tag!

MARC

LEADER 00000nbm a2200000 4500
001 0189691
005 20170201093544.9
041 0 |a slo 
044 |a SK 
245 1 0 |a Rozšírenie kognitívneho vylepšovania u študentov Ekonomickej univerzity  |b bakalárska práca  |c Monika Kuzmiaková ; školiteľ: Juraj Mišún 
264 1 |a Bratislava  |c 2014 
300 |a 56 s. 
100 1 |a Kuzmiaková, Monika 
700 1 |a Mišún, Juraj, 1978- 
710 2 |a Fakulta podnikového manažmentu EU. Katedra manažmentu